Statistics for Golden Raspberry for Worst Actor

Click here to take the quiz!

General Stats

  • This quiz has been taken 27,926 times
    (81 since last reset)
  • The average score is 16 of 37

Answer Stats

YearMoviesActor% Correct
2000, 2012, 2013Big Daddy | Jack and Jill | Just Go with It | That's My BoyAdam Sandler
92%
1985, 1986, 1989, 1993Rhinestone | Rambo: First Blood Part II | Rocky IV | Rambo III | Stop! Or My Mom Will Shoot!Sylvester Stallone
90%
2004Daredevil | Gigli | PaycheckBen Affleck
87%
2010Jonas Brothers: The 3D Concert ExperienceThe Jonas Brothers
82%
2008NorbitEddie Murphy
81%
2023MorbiusJared Leto
70%
2018The MummyTom Cruise
70%
1992, 1995, 1998Wyatt Earp | The Postman | Robin Hood: Prince of ThievesKevin Costner
69%
2014After EarthJaden Smith
68%
2022Space Jam: A New Legacy Lebron James
66%
1999Armageddon | Mercury Rising | The SiegeBruce Willis
65%
2009The Love GuruMike Myers
64%
2016Fifty Shades of GreyJamie Dornan
52%
2001Battlefield Earth | Lucky NumbersJohn Travolta
52%
2020The Fanatic | Trading PaintJohn Travolta
52%
1990Star Trek V: The Final FrontierWilliam Shatner
51%
2006Deuce Bigalow: European GigoloRob Schneider
43%
2005Fahrenheit 9/11George W. Bush
35%
2002Freddy Got FingeredTom Green
34%
2019Death of a Nation |
Fahrenheit 11/9
Donald Trump
32%
1996, 1997Jury Duty | Bio-DomePauly Shore
32%
1987Under the Cherry MoonPrince
31%
2007Little ManMarlon Wayans &
Shawn Wayans
29%
1988Leonard Part 6Bill Cosby
26%
1981The Jazz SingerNeil Diamond
26%
1994Cop and a HalfBurt Reynolds
25%
2003PinocchioRoberto Benigni
25%
2011Killers | Valentine's DayAshton Kutcher
21%
2015Saving ChristmasKirk Cameron
19%
1997Big Bully | Carpool |
The Stupids
Tom Arnold
19%
1991The Adventures of Ford FairlaneAndrew Dice Clay
18%
2017Hilary's AmericaDinesh D'Souza
17%
1983InchonLaurence Olivier
16%
2024MercyJon Voight
13%
1984A Night in HeavenChristopher Atkins
9%
2021Absolute ProofMike Lindell
9%
1982The Legend of the Lone RangerKlinton Spilsbury
8%

Score Distribution

Percentile by Number Answered

Percent of People with Each Score

Your Score History

You have not taken this quiz since the last reset